000 00565nam a22001817a 4500
005 20251108175908.0
008 250721s2018 xx 000 0 ara d
082 1 4 _aم/128.6/تار
100 1 _aروب، جون
245 1 0 _aتاريخ الجسد :
_bاوروبا من العصر الحجري القديم الى المستقبل /
264 1 _aبيروت :
_bدار الرافدين،
_c2018.
300 _a711ص.
650 1 7 _aالانسان
650 1 7 _aالجسد
700 1 _aشرف، جمال
_eمترجم
942 _2ddc
_cREF
999 _c144988
_d144988